000 00722nam a2200205Ia 4500
005 20241129110222.0
008 241129s9999||||xx |||||||||||||| ||und||
037 _aTB
040 _aARTS
_bpun
_cARTS
041 _apun
_2pun
084 _aO153,1NSUx [R3]
_qARTS
100 _aਹਿਰਦੇਪਾਲ, ਰਿਸ਼ੀ, ਥਦ।
245 0 _aਸੁਖਪਾਲ (ਚੋਣਵੀਂ ਕਵਿਤਾ)
_cਹਿਰਦੇਪਾਲ, ਰਿਸ਼ੀ, ਥਦ।
260 _aਪਟਿਆਲਾ, ਭਾਰਤ
_bਪਟਿਆਲਾ ਆੱਟਕ ਆਰਟ
_c2023
300 _a208ਪ੍ਰ0
365 _aINR
_b300
650 _aPunjabi Poetry
_9187334
942 _cTB
_hO153,1NSUx [R3]
999 _c1227762
_d1227762